000 00897nam a2200241 4500
001 11535
003 HDC
007 cr bn ---aaaaa
008 210207c dr|noo 0 a eng d
040 _aHDC
245 0 _aContact between Pakistan and China can lay down strong foundation for Pak-China Cultural Corridor to promote mutual understanding on cultures traditions:
_bShah Faisal Afridi
260 _a[No place] :
_b News Makers,
_c2016
336 _atext
_2rdacontent
337 _acomputer
_2rdamedia
338 _aonline resource
_2rdacarrier
650 _aGlobal halal food
_94492
650 _aHalal labeling
_911867
710 _a News Makers
856 _zRequest full-text at [email protected]
942 _2lcc
942 _cNEWS
942 _kNWSO 002282
999 _c8858
_d8858